000 00446nam a2200145Ia 4500
008 100204s9999 xx 000 0 und d
082 _b2561
100 _aभागवत यशवंत
245 _aमुग्धकलिका
260 _b"ग. तु. बांदोडकर, मुंबई"
_c1980
300 _a195
630 _aमुग्धकलिका
730 _aमुग्धकलिका
942 _cBOOK
999 _c447614
_d447611